000
00288nam a22001337a 4500
008
170810b xxu||||| |||| 00| 0 eng d
020
_a
9781439037898
041
_a
eng
080
_a
004
100
_a
35
101
_a
SHK
245
_a
MICROSOFT OFFICE 2007
_c
HUNT,M
942
_2
udc
_c
BK
999
_c
23088
_d
23088